LEADER 00582oam 22002173u 450 001 9910140690403321 005 20250511160122.0 035 $a(CKB)3160000000000011 035 $a(EXLCZ)993160000000000011 100 $a20220128d2004|||| ||s | 101 0 $aeng 200 10$aVector Analysis and Quaternions 210 $cProject Gutenberg 608 $aMathematics 700 $aMacfarlane$b Alexander$f1851-1913$01081746 801 0$bUtSlPG 801 1$bIL-JeEL 906 $aBOOK 912 $a9910140690403321 996 $aVector Analysis and Quaternions$92596160 997 $aUNINA LEADER 01941oas 2200589 a 450 001 9910703115403321 005 20250716213021.0 011 $a2378-1319 035 $a(OCoLC)733053934 035 $a(CONSER) 2011230273 035 $a(CKB)3880000000004405 035 $a(EXLCZ)993880000000004405 100 $a20110627a20089999 ua a 101 0 $aeng 135 $aur||||||||||| 181 $ctxt$2rdacontent 182 $cc$2rdamedia 183 $acr$2rdacarrier 200 00$aIntegration of storage technologies for fruit quality management ... annual report 210 $a[Washington, D.C.] $cU.S. Dept. of Agriculture, Agricultural Research Service 215 $cHTML files 531 0 $aIntegr. storage technol. fruit qual. manag. annu. rep. 606 $aFruit$xPostharvest technology$vPeriodicals 606 $aFruit$xStorage$xDiseases and injuries$xPrevention$vPeriodicals 606 $aFruits$xTechnologie apre?s re?colte$vPe?riodiques 606 $aFruit$xPostharvest technology$2fast$3(OCoLC)fst00935619 608 $aPeriodicals.$2fast 608 $aPeriodicals.$2lcgft 615 0$aFruit$xPostharvest technology 615 0$aFruit$xStorage$xDiseases and injuries$xPrevention 615 6$aFruits$xTechnologie apre?s re?colte 615 7$aFruit$xPostharvest technology. 676 $a575.67 712 02$aQuality and Utilization of Agricultural Products National Program (U.S.) 712 02$aUnited States.$bAgricultural Research Service. 801 0$bGPO 801 1$bGPO 801 2$bOCLCQ 801 2$bDLC 801 2$bOCLCQ 801 2$bOCLCA 801 2$bOCLCF 801 2$bGILDS 801 2$bOCLCO 801 2$bOCLCQ 801 2$bDOS 801 2$bMLU 801 2$bOCLCL 906 $aJOURNAL 912 $a9910703115403321 996 $aIntegration of storage technologies for fruit quality management ... annual report$93152154 997 $aUNINA